A-V-E-N-G-E-R-S Picture Quiz - Statistics

General Stats
  • This quiz has been taken 27 times
  • The average score is 4 of 8
Answer Stats
Picture Answer % Correct
Ant-Man
100%
Vision
93%
Scarlet Witch
81%
Namor the Sub-Mariner
52%
Echo
48%
Goliath
33%
Rage
19%
Ex Nihilo
15%
No matching quizzes found
Score Distribution
Percent of People with Each Score
Percentile by Number Answered
Your Score History
You have not taken this quiz